Hope nation : (Record no. 11187)
[ view plain ]
| 000 -LEADER | |
|---|---|
| fixed length control field | 02467cam a2200433 i 4500 |
| 001 - CONTROL NUMBER | |
| control field | 20494728 |
| 003 - CONTROL NUMBER IDENTIFIER | |
| control field | OSt |
| 005 - DATE AND TIME OF LATEST TRANSACTION | |
| control field | 20241022063828.0 |
| 008 - FIXED-LENGTH DATA ELEMENTS--GENERAL INFORMATION | |
| fixed length control field | 171123s2018 nyu j 000 1 eng c |
| 010 ## - LIBRARY OF CONGRESS CONTROL NUMBER | |
| LC control number | 2017041777 |
| 020 ## - INTERNATIONAL STANDARD BOOK NUMBER | |
| International Standard Book Number | 9781524741679 (hardcover) |
| 020 ## - INTERNATIONAL STANDARD BOOK NUMBER | |
| Canceled/invalid ISBN | 9781524741846 (ebook) |
| 040 ## - CATALOGING SOURCE | |
| Original cataloging agency | LBSOR/DLC |
| Language of cataloging | eng |
| Transcribing agency | LBSOR |
| Description conventions | rda |
| Modifying agency | DLC |
| 042 ## - AUTHENTICATION CODE | |
| Authentication code | pcc |
| 050 00 - LIBRARY OF CONGRESS CALL NUMBER | |
| Classification number | 810.8 B864H |
| Item number | .H67 2018 |
| 082 00 - DEWEY DECIMAL CLASSIFICATION NUMBER | |
| Classification number | 810.8 B864H |
| Edition number | 23 |
| 245 00 - TITLE STATEMENT | |
| Title | Hope nation : |
| Remainder of title | YA authors share personal moments of inspiration / |
| Statement of responsibility, etc. | edited by Rose Brock. |
| 264 #1 - PRODUCTION, PUBLICATION, DISTRIBUTION, MANUFACTURE, AND COPYRIGHT NOTICE | |
| Place of production, publication, distribution, manufacture | New York, NY : |
| Name of producer, publisher, distributor, manufacturer | Philomel Books, |
| Date of production, publication, distribution, manufacture, or copyright notice | [2018] |
| 300 ## - PHYSICAL DESCRIPTION | |
| Extent | 290 pages ; |
| Dimensions | 22 cm |
| 336 ## - CONTENT TYPE | |
| Content type term | text |
| Source | rdacontent |
| 337 ## - MEDIA TYPE | |
| Media type term | unmediated |
| Source | rdamedia |
| 338 ## - CARRIER TYPE | |
| Carrier type term | volume |
| Source | rdacarrier |
| 505 0# - FORMATTED CONTENTS NOTE | |
| Formatted contents note | Don't listen to the a**holes / Atia Abawi -- TK / Renée Ahdieh -- Before and after / Libba Bray -- The dreadful summer of 1991 / Howard Bryant -- The two types of secrets / Ally Carter -- Rundown / Ally Condie -- Letter words / James Dashner -- Baseball pasta / Christina Diaz Gonzalez -- Shot of hope / Gayle Forman -- Caution: this hope is NSFW (but it shouldn't be) / I. W. Gregorio -- Wings and teeth / Kate Hart -- TK / David Levithan -- Different dances / Alex London -- TK / Marie Lu -- Hoping for home / Julie Murphy -- TK / Jason Reynolds and Brendan Kiely -- Born in Argentina, made in America: the immigrant identity / Romina Russell -- The only one I can apologize for / Aisha Saeed -- Always / Nic Stone -- Now more than ever / Angie Thomas -- In the past / Jenny Torres Sanchez -- Nobody remembers the names of people who build walls / Jeff Zentner. |
| 520 ## - SUMMARY, ETC. | |
| Summary, etc. | "To help embolden hope, here is a powerhouse collection of essays and letters that speak directly to teens and all YA readers"-- |
| Assigning source | Provided by publisher. |
| 650 #0 - SUBJECT ADDED ENTRY--TOPICAL TERM | |
| Topical term or geographic name entry element | Teenagers |
| General subdivision | Conduct of life |
| Form subdivision | Juvenile literature. |
| 9 (RLIN) | 210 |
| 650 #0 - SUBJECT ADDED ENTRY--TOPICAL TERM | |
| Topical term or geographic name entry element | Teenagers |
| General subdivision | Conduct of life |
| Form subdivision | Juvenile fiction. |
| 9 (RLIN) | 211 |
| 650 #0 - SUBJECT ADDED ENTRY--TOPICAL TERM | |
| Topical term or geographic name entry element | Hope |
| Form subdivision | Juvenile literature. |
| 9 (RLIN) | 212 |
| 650 #0 - SUBJECT ADDED ENTRY--TOPICAL TERM | |
| Topical term or geographic name entry element | Hope |
| Form subdivision | Juvenile fiction. |
| 9 (RLIN) | 213 |
| 650 #0 - SUBJECT ADDED ENTRY--TOPICAL TERM | |
| Topical term or geographic name entry element | Encouragement |
| Form subdivision | Juvenile literature. |
| 9 (RLIN) | 214 |
| 650 #0 - SUBJECT ADDED ENTRY--TOPICAL TERM | |
| Topical term or geographic name entry element | Encouragement |
| Form subdivision | Juvenile fiction. |
| 9 (RLIN) | 215 |
| 650 #7 - SUBJECT ADDED ENTRY--TOPICAL TERM | |
| Topical term or geographic name entry element | Hope. |
| Source of heading or term | sears |
| 9 (RLIN) | 216 |
| 650 #7 - SUBJECT ADDED ENTRY--TOPICAL TERM | |
| Topical term or geographic name entry element | Encouragement. |
| Source of heading or term | sears |
| 9 (RLIN) | 217 |
| 655 #7 - INDEX TERM--GENRE/FORM | |
| Genre/form data or focus term | Essays. |
| Source of term | lcgft |
| 9 (RLIN) | 218 |
| 655 #7 - INDEX TERM--GENRE/FORM | |
| Genre/form data or focus term | Short stories. |
| Source of term | lcgft |
| 9 (RLIN) | 219 |
| 700 1# - ADDED ENTRY--PERSONAL NAME | |
| Personal name | Brock, Rose, |
| Titles and other words associated with a name | (Dr), |
| Relator term | editor. |
| 9 (RLIN) | 220 |
| 906 ## - LOCAL DATA ELEMENT F, LDF (RLIN) | |
| a | 7 |
| b | cbc |
| c | orignew |
| d | 1 |
| e | ecip |
| f | 20 |
| g | y-gencatlg |
| 942 ## - ADDED ENTRY ELEMENTS (KOHA) | |
| Source of classification or shelving scheme | Dewey Decimal Classification |
| Koha item type | Books |
| Withdrawn status | Lost status | Source of classification or shelving scheme | Damaged status | Not for loan | Collection code | Home library | Current library | Shelving location | Date acquired | Total Checkouts | Full call number | Barcode | Date last seen | Price effective from | Koha item type |
|---|---|---|---|---|---|---|---|---|---|---|---|---|---|---|---|
| Dewey Decimal Classification | Non-fiction | Harvest Mission College | Harvest Mission College | General Stacks | 22.10.2024 | 810.8 B864H | 013104 | 22.10.2024 | 22.10.2024 | Books |
